[Event "El Vendrell Mestre"]
[Site "El Vendrell"]
[Date "2020.09.26"]
[Round "1"]
[White "Vila Cairo, Gerard"]
[Black "Alfonso Pellisa, Aaron"]
[Result "0-1"]
[WhiteElo "2050"]
[BlackElo "1976"]
[PlyCount "74"]
[EventDate "2020.09.26"]
[EventType "tourn"]
[EventRounds "9"]
[EventCountry "ESP"]
[SourceTitle "EXT 2023"]
[Source "ChessBase"]
[SourceDate "2022.10.05"]
[SourceVersion "1"]
[SourceVersionDate "2022.10.05"]
[SourceQuality "1"]

1. e4 c6 2. c4 d5 3. Nc3 d4 4. Nce2 e5 5. d3 Bb4+ 6. Bd2 Bxd2+ 7. Qxd2 c5 8. g3 Nc6 9. f4 f6 10. Bg2 Nh6 11. h3 Nf7 12. Nf3 Bd7 13. 0-0 0-0 14. a3 a5 15. f5 a4 16. g4 Na5 17. Qc2 b5 18. Nd2 Nd6 19. cxb5 Bxb5 20. b4 axb3 21. Nxb3 Ba4 22. Nec1 Rb8 23. Rb1 Nxb3 24. Qa2 c4 25. dxc4 Nc5 26. Rb4 Qa5 27. g5 Rxb4 28. axb4 Qxb4 29. gxf6 gxf6 30. Kh1 d3 31. Qf2 Qxc4 32. Bf3 Kf7 33. Qh4 d2 34. Qxh7+ Ke8 35. Be2 Qxe4+ 36. Kh2 dxc1Q 37. Bh5+ Kd8 0-1

[Event "Tarragona Province-ch"]
[Site "Tarragona"]
[Date "2018.11.11"]
[Round "7.7"]
[White "Guasch Figuerola, Agusti"]
[Black "Alfonso Pellisa, Aaron"]
[Result "1-0"]
[WhiteElo "2060"]
[BlackElo "1842"]
[PlyCount "59"]
[EventDate "2018.09.30"]
[EventType "swiss"]
[EventRounds "9"]
[EventCountry "ESP"]
[SourceTitle "CBM 187 Extra"]
[Source "ChessBase"]
[SourceDate "2018.11.04"]
[SourceVersion "1"]
[SourceVersionDate "2018.11.04"]
[SourceQuality "1"]

1. Nf3 d5 2. g3 g6 3. Bg2 Bg7 4. c4 d4 5. 0-0 e5 6. e3 c5 7. exd4 exd4 8. Re1+ Ne7 9. d3 0-0 10. Nbd2 Nbc6 11. a3 h6 12. Rb1 a5 13. Ne4 b6 14. Bf4 g5 15. Bd6 Bf5 16. Bxe7 Nxe7 17. b4 axb4 18. axb4 Qc7 19. bxc5 bxc5 20. Nfd2 Rab8 21. Qa4 Bd7 22. Qa3 Rxb1 23. Rxb1 Rc8 24. Rb7 Qd8 25. Nxc5 Bc6 26. Bxc6 Nxc6 27. Nce4 Bf8 28. c5 Ra8 29. Qb3 Na5 30. Qxf7+ 1-0

[Event "Tarragona Province-ch"]
[Site "Tarragona"]
[Date "2018.10.07"]
[Round "2"]
[White "Alfonso Pellisa, Aaron"]
[Black "Romero Mendez, Antonio"]
[Result "1-0"]
[WhiteElo "1842"]
[BlackElo "1951"]
[PlyCount "81"]
[EventDate "2018.09.30"]
[EventType "swiss"]
[EventRounds "9"]
[EventCountry "ESP"]
[SourceTitle "CBM 187 Extra"]
[Source "ChessBase"]
[SourceDate "2018.11.04"]
[SourceVersion "1"]
[SourceVersionDate "2018.11.04"]
[SourceQuality "1"]

1. e4 c5 2. Nc3 d6 3. g3 Nc6 4. Bg2 g6 5. d3 Bg7 6. Be3 Nf6 7. h3 Bd7 8. Nge2 0-0 9. 0-0 Rb8 10. Qd2 b5 11. Bh6 e5 12. Bxg7 Kxg7 13. f4 b4 14. Nd1 Qe7 15. Ne3 h6 16. f5 g5 17. g4 Kh7 18. Ng3 Nd4 19. Kf2 Bc6 20. Rh1 Ng8 21. Rh2 f6 22. Rah1 Kg7 23. h4 Kf7 24. Ne2 Nxe2 25. Qxe2 Rb5 26. Nc4 Ke8 27. Qe3 Kd7 28. Bf3 Rf7 29. c3 Qd8 30. d4 Kc7 31. hxg5 fxg5 32. dxe5 dxe5 33. Nxe5 Re7 34. Nxc6 Kxc6 35. e5+ Kb6 36. cxb4 Rxb4 37. Rxh6+ Nxh6 38. Rxh6+ Kb5 39. a4+ Rxa4 40. Bc6+ Ka5 41. Qxc5+ 1-0

[Event "Torredembarra op 20th"]
[Site "Torredembarra"]
[Date "2018.06.30"]
[Round "1"]
[White "Narciso Dublan, Marc"]
[Black "Alfonso Pellisa, Aaron"]
[Result "1-0"]
[WhiteElo "2468"]
[BlackElo "1793"]
[PlyCount "47"]
[EventDate "2018.06.30"]
[EventType "swiss"]
[EventRounds "9"]
[EventCountry "ESP"]
[SourceTitle "CBM 185 Extra"]
[Source "ChessBase"]
[SourceDate "2018.07.29"]
[SourceVersion "1"]
[SourceVersionDate "2018.07.29"]
[SourceQuality "1"]

1. c4 e6 2. Nc3 d5 3. d4 Nf6 4. Bg5 Nbd7 5. e3 Be7 6. Nf3 0-0 7. Qc2 b6 8. cxd5 exd5 9. Bd3 Bb7 10. 0-0 Ne4 11. Bf4 Ndf6 12. Ng5 Nxg5 13. Bxg5 h6 14. Bf4 c5 15. Rad1 Rc8 16. Bf5 Ra8 17. dxc5 bxc5 18. Be5 Qa5 19. Rd2 Rfd8 20. Rfd1 Ne4 21. Bxe4 dxe4 22. Rd7 Rxd7 23. Rxd7 c4 24. Rxe7 1-0

[Event "Tarragona-chA"]
[Site "Tarragona"]
[Date "2017.11.19"]
[Round "8"]
[White "Sanchez Bernardino, Miguel Angel"]
[Black "Alfonso Pellisa, Aaron"]
[Result "1-0"]
[WhiteElo "1954"]
[BlackElo "1594"]
[PlyCount "129"]
[EventDate "2017.10.08"]
[EventType "swiss"]
[EventRounds "9"]
[EventCountry "ESP"]
[SourceTitle "CBM 181 Extra"]
[Source "ChessBase"]
[SourceDate "2017.12.12"]
[SourceVersion "1"]
[SourceVersionDate "2017.12.12"]
[SourceQuality "1"]

1. e4 e5 2. Nf3 Nc6 3. Bb5 a6 4. Ba4 Nf6 5. 0-0 Be7 6. Re1 b5 7. Bb3 d6 8. c3 0-0 9. d4 Bg4 10. Be3 Na5 11. dxe5 Bxf3 12. Qxf3 dxe5 13. Bc2 Nc4 14. Bc1 c5 15. b3 Nb6 16. Qg3 Qd6 17. Nd2 Nh5 18. Qf3 Nf4 19. Nf1 Ng6 20. Ne3 Rad8 21. Nf5 Qc7 22. Qg4 Bf6 23. h4 Ne7 24. Ng3 Qd7 25. Qxd7 Rxd7 26. Be3 Rc8 27. h5 h6 28. Rad1 Rxd1 29. Rxd1 Bg5 30. Bxg5 hxg5 31. Rd6 Rc6 32. Rd8+ Kh7 33. Kf1 Nbc8 34. Nf5 Nxf5 35. exf5 f6 36. Be4 Rc7 37. Bd5 Nb6 38. Bg8+ Kh6 39. Bf7 Rc8 40. Rd6 Rb8 41. g4 a5 42. Rc6 c4 43. bxc4 Nxc4 44. Bxc4 bxc4 45. Rxc4 Rb2 46. Ra4 Rc2 47. c4 Kh7 48. Ke1 Kg8 49. f3 Kf7 50. Kd1 Rc3 51. Ke2 Ke7 52. Rxa5 Rxc4 53. Ra7+ Kf8 54. a4 Rc3 55. a5 Ra3 56. a6 Ra4 57. Kd3 Ra2 58. Ke4 Ra5 59. Ra8+ Kf7 60. a7 Ra2 61. h6 Ra4+ 62. Kd5 Ra1 63. h7 Rd1+ 64. Ke4 Re1+ 65. Kd3 1-0

[Event "Tarragona Province-ch B"]
[Site "Tarragona"]
[Date "2015.10.25"]
[Round "4.4"]
[White "Cabo Salcedo, Javier"]
[Black "Alfonso Pellisa, Aaron"]
[Result "1-0"]
[WhiteElo "1941"]
[BlackElo "1688"]
[PlyCount "73"]
[EventDate "2015.09.27"]
[EventType "swiss"]
[EventRounds "9"]
[EventCountry "ESP"]
[SourceTitle "EXT 2024"]
[Source "ChessBase"]
[SourceDate "2023.10.10"]
[SourceVersion "1"]
[SourceVersionDate "2023.10.10"]
[SourceQuality "1"]

1. e4 e5 2. f4 d5 3. exd5 c6 4. Nf3 exf4 5. d4 Bd6 6. Bc4 Ne7 7. Nc3 0-0 8. 0-0 Bg4 9. Qd3 Bf5 10. Qd1 Ng6 11. Ne2 Qc7 12. Bb3 Nd7 13. dxc6 Qxc6 14. c4 Qe4 15. Nc3 Qd3 16. Bd2 Bg4 17. Nb5 Be7 18. Re1 Qf5 19. Bc2 Qf6 20. Bc3 Nh4 21. Be4 Qb6 22. Kh1 Nf6 23. Qd3 Nxe4 24. Qxe4 Nxf3 25. gxf3 Bh3 26. Rg1 Bf6 27. Qxf4 h6 28. Qxh6 Be6 29. d5 Bxc3 30. Nxc3 g6 31. dxe6 Qxe6 32. Ne4 Qe5 33. Rg3 Qxb2 34. Rag1 Rac8 35. Rh3 Qg7 36. Nf6+ Qxf6 37. Qh7# 1-0